Forewarned is forearmed (Record no. 71475)

MARC details
000 -LEADER
fixed length control field 01436cam a2200265 4500
001 - CONTROL NUMBER
control field ABS66092
008 - FIXED-LENGTH DATA ELEMENTS--GENERAL INFORMATION
fixed length control field 021029n2002 000 0 eng u
035 ## - SYSTEM CONTROL NUMBER
System control number (Sirsi) u120301
100 ## - MAIN ENTRY--PERSONAL NAME
Personal name Edwards, M
245 ## - TITLE STATEMENT
Title Forewarned is forearmed
260 ## - PUBLICATION, DISTRIBUTION, ETC.
Date of publication, distribution, etc. 2002
490 ## - SERIES STATEMENT
Series statement Solicitors' Journal
Volume/sequential designation 146(36) 27 September 2002, 858(1)
520 ## - SUMMARY, ETC.
Summary, etc. Argues that homebuyers should have access to comprehensive planning information before committing to a house purchase. Suggests that measures in PPG3 and PPG6 have prompted residential and commercial developers to compete for the same sites with negative consequences for homeowners. The recent cases "R v Kettering BC and English Churches Housing Group, ex p Hossack" and "R v Hammersmith and Fulham ex p Burkett" illustrate how disgruntled homeowners have challenged planning decisions on nearby land to protect their interests. Highlights the planning searches that commercial developers undertake before agreeing to development projects and argues that homebuyers should consider similar searches.
590 ## - LOCAL NOTE (RLIN)
Local note ABS
650 ## - SUBJECT ADDED ENTRY--TOPICAL TERM
Topical term or geographic name entry element PLANNING SYSTEM
650 ## - SUBJECT ADDED ENTRY--TOPICAL TERM
Topical term or geographic name entry element PLANNING INFORMATION
650 ## - SUBJECT ADDED ENTRY--TOPICAL TERM
Topical term or geographic name entry element SEARCHES
650 ## - SUBJECT ADDED ENTRY--TOPICAL TERM
Topical term or geographic name entry element HOMEOWNERS
650 ## - SUBJECT ADDED ENTRY--TOPICAL TERM
Topical term or geographic name entry element PPG3
650 ## - SUBJECT ADDED ENTRY--TOPICAL TERM
Topical term or geographic name entry element PLANNING POLICY GUIDANCE NOTE SIX
650 ## - SUBJECT ADDED ENTRY--TOPICAL TERM
Topical term or geographic name entry element R V KETTERING BC AND ANOTHER EX P HOSSACK
650 ## - SUBJECT ADDED ENTRY--TOPICAL TERM
Topical term or geographic name entry element R V HAMMERSMITH AND FULHAM LBC EX P BURKETT
690 ## - LOCAL SUBJECT ADDED ENTRY--TOPICAL TERM (OCLC, RLIN)
Topical term or geographic name as entry element Planning and development
9 (RLIN) 6259
942 ## - ADDED ENTRY ELEMENTS (KOHA)
Suppress in OPAC 0
Holdings
Withdrawn status Lost status Source of classification or shelving scheme Damaged status Not for loan Home library Current library Shelving location Date acquired Total Checkouts Full call number Barcode Date last seen Copy number Price effective from Koha item type
    Dewey Decimal Classification     London London Journal article 29/10/2002   ABS66092 120301-1001 06/08/2019 1 06/08/2019 Journal article